书目信息 |
| 书名: | the bomb | |
| 作者: | BEATRICE HEUSTER. | |
| 分册号: | ||
| 分册名: | 出版地: | LINDON AND NEW YORK : |
|
| 出版社: | pearson education inc | |
| 出版时间: | 2000. | |
| 页数: | 236 p. : | |
| 开本: | 20cm. | |
| 丛书名: | ||
| 中图分类号: | ||
| 科图分类号: | ||
| 其他分类号: | TJ91 | |
| 主题词: | ||
| 电子资源: | ||
| 000 | 00535nam 2200157 a 4500 | |
| 001 | E0760267150 | |
| 005 | 20070514165605.14 | |
| 008 | 070514s2000 00010 eng | |
| 020 | @a0-582-29290-5. | |
| 040 | @aPFT@beng | |
| 090 | @aTJ91 | |
| 099 | @dTJ91@ex5 | |
| 245 | @athe bomb@6nuclear weapons in their historical, strategic and ethical context / @cBEATRICE HEUSTER. | |
| 260 | @aLINDON AND NEW YORK :@bpearson education inc.,@c2000. | |
| 300 | @a236 p. :@bincludes bibliographical references and index ;@c20cm. | |
| 700 | @aheuster, beatrice | |
| the bomb / BEATRICE HEUSTER.-LINDON AND NEW YORK : : pearson education inc., , 2000. |
| 236 p. : : includes bibliographical references and index ; ; 20cm. |
| ISBN 0-582-29290-5. |
| ● |
| 相关链接 |
|
|
|
|
正题名:the bomb
索取号:TJ91/x5
 
预约/预借
| 序号 | 登录号 | 条形码 | 馆藏地/架位号 | 状态 | 备注 |
| 1 | 0009040 | 300090407 | 第二样本阅览室/ [索取号:TJ91/x5] | 在馆 |